Rappeur par cover - Statistiques

Statistiques générales
  • Ce quiz a été pris 243 fois
  • Le résultat moyen est 44 sur 70
Statistiques - réponses
Par images Réponse % Correct
Ninho
99%
Jul
98%
PNL
98%
Aya Nakamura
97%
Niska
97%
Gambi
96%
Hamza
96%
Kaaris
96%
Naps
95%
Naza
94%
Zola
94%
Damso
93%
Gims
92%
Koba LaD
92%
PLK
92%
SCH
90%
Soprano
90%
Kalash
89%
SDM
87%
Lorenzo
85%
Gazo
84%
Theodora
80%
Tiakola
80%
Werenoi
79%
Laylow
77%
Freeze corleone
76%
Leto
75%
Heuss L'enfoiré
74%
Nepal
74%
Gambino
73%
La fouine
73%
Vald
73%
Ziak
69%
RK
68%
Josman
67%
Kalash Criminel
67%
Lacrim
67%
1pliké140
65%
La Fève
65%
Larry
65%
Dinos
64%
Luv Resval
64%
Kerchak
60%
Green Montana
57%
DTF
54%
AMK
49%
H.LA DROGUE
47%
HOUDI
47%
Maes
47%
Bekar
42%
VEN1
42%
EDGE
40%
Zamdane
40%
Ben PLG
39%
B.B. Jacques
38%
Kekra
38%
Jolagreen23
37%
Genezio
34%
Bushi
33%
Guy2Bezbar
33%
Limsa
31%
Yvnnis
29%
Saif
27%
Khali
25%
NeS
25%
Femtogo
21%
Jungle Jack
21%
baby hayabusa
20%
Mac Tyer
13%
Costa
6%
Aucun quiz correspondant
Distribution des résultats
% des personnes avec chaque résultat
Percentile par nombre de réponses
Votre historique - résultats
Vous n’avez pas pris ce quiz